000 00328nam a22001457a 4500
003 OSt
005 20220318154432.0
008 220318b |||||||| |||| 00| 0 eng d
020 _a155786988x
040 _cHU
082 _22nd
_a160
100 _aGuttenplan
_933471
245 _aThe Languages Of Loginc
942 _2ddc
_cBOOKS
_n0
999 _c33167
_d33167